00503cas a2200157 a 450000500170000000800410001704100080005808200350006624500510010126000570015265000350020965000320024465000460027694200080032299900150033020180710142717.0150414b xxu||||| |||| 00| 0 spa d aeng aAmbientico N° 105, Junio 2002 a¿"Garantías ambientales" en la Carta Magna? aCosta RicabUniversidad Nacional de Costa Ricac2002 aGARANTÍAS AMBIENTALES947938 aDESARROLLO SOSTENIBLE91111 aCORREDOR BIOLÓGICO MESOAMERICANO912276 cREV c4646d4646